000 00251nam a2200097Ia 4500
001 791729
005 20250826170615.0
008 250824s9999 xx 000 0 und d
245 0 _aO.K MUSTİ TÜRKİYE TAMAMDIR
_cALEV ALATLI
260 _bEVEREST YAYINLARI
999 _c791729
_d791729